000 00393nam a2200169Ia 4500
005 20250923145726.0
008 008 250917s9999 xx 000 0 eng d
037 _aPeriodicals
040 _aDSWL
_beng
_cDSWL
041 _aeng
_2eng
084 _qDSWL
245 0 _aJournal of family welfare
260 _c1984
490 _vVol. 31-1984
942 _cCR
999 _c1454857
_d1454857